Outlet je hra, napätie, dobrodružstvo
Rozhovor s riaditeľkou budúceho D1 Outletu pri Senci o stratégii predaja v predajniach Outlet. Značkový tovar za nižšie ceny. Cieľová skupina - vyššia stredná vrstva obyvateľstva. Portfólio predávaných výrobkov.
Salvato in:
| Autore principale: | |
|---|---|
| Natura: | Capitolo di libro |
| Lingua: | slovacco |
| Soggetti: | |
| Tags: |
Nessun Tag, puoi essere il primo ad aggiungerne!!
|
MARC
| LEADER | 00000naa a2200000 4500 | ||
|---|---|---|---|
| 001 | 0122217 | ||
| 005 | 20231009103227.8 | ||
| 041 | 0 | |a slo | |
| 044 | |a SK | ||
| 245 | 1 | 0 | |a Outlet je hra, napätie, dobrodružstvo |c Peter Kremský |
| 520 | |a Rozhovor s riaditeľkou budúceho D1 Outletu pri Senci o stratégii predaja v predajniach Outlet. Značkový tovar za nižšie ceny. Cieľová skupina - vyššia stredná vrstva obyvateľstva. Portfólio predávaných výrobkov. | ||
| 610 | 2 | 0 | |a obchod |
| 610 | 2 | 0 | |a predaj |
| 610 | 2 | 0 | |a predajne |
| 610 | 2 | 0 | |a tovar |
| 610 | 2 | 0 | |a značky výrobkov |
| 610 | 2 | 0 | |a ceny |
| 100 | 1 | |a Kremský, Peter | |